000 00717 a2200193 4500
999 _c5360
_d5360
020 _a0797420185
050 0 0 _aTD 789.8 YAP 1999
100 _aYap, Nonita T.
_eeditor
245 0 0 _aCleaner production and consumption :
_bchallenges and opportunities in East and southern Africa /
_cNonita T. Yap
264 _aZimbabwe:
_bWeaver Presss,
_c1999
300 _a186 p. :
_bill. ;
500 _aIncludes bibliographical references and index
504 _aIncludes bibliographical references and index
650 0 _aRefuse and refuse disposal
650 0 _aFactory and trade waste
_xManagement
650 0 _aRefuse and refuse disposal
650 0 _aFactory and trade waste
_xManagement
942 _2lcc
_cBK
_h897.8
_iYAP
_kTD